Gaming Quiz

Random Gaming or City Quiz
Score 0/16 Timer 04:00
0 Plays Today
% Correct
Fortree City
85%
Slateport City
78.9%
Sootopolis City
73.4%
Lilycove City
67.3%
Mauville City
61.5%
Pacifidlog Town
58.7%
Verdanturf Town
56%
Fallarbor Town
53.2%
% Correct
Dewford Town
52%
Oldale Town
49.5%
Lavaridge Town
49.5%
Ever Grande City
49.5%
Littleroot Town
48.6%
Rustboro City
43.1%
Petalburg City
29.7%
Mossdeep City
23.5%

You're not logged in!

Compare scores with friends on all Sporcle quizzes.
OR
Log In

Sporcle TV

Today on Sporcle TV


Watch our educational content, quiz creation guides, and fun videos on Sporcle TV.

Show Comments

Extras

Top Quizzes Today


Score Distribution

Paid Content

Your Account Isn't Verified!

In order to create a playlist on Sporcle, you need to verify the email address you used during registration. Go to your Sporcle Settings to finish the process.

Report this User

Report this user for behavior that violates our Community Guidelines.

Details: